Statistics for Largest Philippines Islands

Click here to take the quiz!

General Stats

  • This quiz has been taken 7,614 times
  • The average score is 6 of 11

Answers on the Map

Answers color-coded by a green-red scale on the quiz's map according to % correct below.
Loading ...
 

Answer Stats

km2 Island % Correct
109,965Luzon
95%
97,530Mindanao
78%
4,468Cebu
66%
12,189Palawan
59%
13,075Negros
50%
7,368Leyte
47%
12,849Samar
45%
3,821Bohol
43%
10,572Mindoro
42%
12,011Panay
36%
3,268Masbate
31%

Score Distribution

Percentile by Number Answered

Percent of People with Each Score

Your Score History

You have not taken this quiz